00733 a2200205 4500003000500000005001700005020002500022020002900047035002100076035002400097040000900121082001700130100001600147245005900163250001200222260002900234300001200263505021800275650003400493Nust20220803150547.0 a1-85617-770-X (pbk.) a978-1-85617-770-2 (pbk.) a(OCoLC)540182470 a(OCoLC)ocn540182470 cNust04a621.3192,BIR1 aBird, J. O.10aElectrical circuit theory and technology /cJohn Bird. a4th ed. aOxford :bNewnes,c2010. ap.ccm. aPart 1:- Basic Electrical Engineering Principle (Page-1), Part 2:- Electrical Principles and Technology (Page-153), Part 3:- Advanced Circuit Theory and Technology (Page-333), Part 4: General reference (Page-723). 0aTelecommunication Engineering